000 01004cam a2200277 a 4500
005 20131021082027.0
008 960916s1997 enka b 001 0 eng
020 _a0714647322
020 _a0714642827
041 0 _aeng
080 _a323.1 BOO
100 1 _aBookman, Milica Zarkovic.
245 1 4 _aThe demographic struggle for power :
_cMilica Zarkovic Bookman.
260 _aLondon ;
_aPortland, OR :
_bFrank Cass,
_c1997.
300 _a273 p. :
_bme il. ;
_c24 cm.
504 _aIncludes bibliographical references (p. [259]-264) and index.
650 0 _aGrupet etnike
_xAktivitete politike
650 0 _aMarrëdhënie etnike
_xAspekte politike
650 0 _aMigracioni
650 0 _aTransferi i popullit
650 0 _aPolitika e popullit
650 0 _aPolitika botërore
650 0 _2Demokracia
856 4 2 _3Publisher description
_uhttp://www.loc.gov/catdir/enhancements/fy0652/96038905-d.html
942 _2udc
_cBK
999 _c146
_d146